Statistics for Inverted Flags of the World

Click here to take the quiz!

General Stats

  • This quiz has been taken 94 times
  • The average score is 90 of 196

Answer Stats

Answer% Correct
United Kingdom
99%
United States
99%
Australia
92%
Canada
89%
New Zealand
88%
Japan
67%
Russia
67%
South Korea
64%
Brazil
62%
France
62%
Finland
60%
Italy
60%
Sweden
60%
Greece
59%
Iceland
59%
Netherlands
59%
Norway
59%
Denmark
58%
China
56%
Georgia
56%
Nepal
56%
Switzerland
56%
Vietnam
56%
Albania
55%
Cyprus
55%
Bangladesh
53%
Dominican Republic
53%
Lebanon
53%
Malta
53%
Saudi Arabia
53%
Bhutan
52%
Ireland
52%
Israel
52%
Kenya
52%
Kosovo
52%
Palau
52%
Tonga
52%
Vatican City
52%
South Africa
51%
Spain
51%
Turkey
51%
Barbados
49%
Burkina Faso
49%
D.R. Congo
49%
India
49%
Iraq
49%
Madagascar
49%
Malaysia
49%
Mexico
49%
Myanmar
49%
Niger
49%
Panama
49%
Papua New Guinea
49%
United Arab Emirates
49%
Algeria
48%
Bosnia & Herzegovina
48%
Cameroon
48%
Egypt
48%
Eswatini
48%
Iran
48%
Maldives
48%
North Korea
48%
Pakistan
48%
San Marino
48%
Tunisia
48%
Turkmenistan
48%
Uzbekistan
48%
Antigua and Barbuda
47%
Croatia
47%
Jamaica
47%
Kiribati
47%
Mauritania
47%
North Macedonia
47%
Oman
47%
Seychelles
47%
Singapore
47%
Syria
47%
Uruguay
47%
Venezuela
47%
Austria
45%
Azerbaijan
45%
Cambodia
45%
Comoros
45%
Cuba
45%
Honduras
45%
Indonesia
45%
Jordan
45%
Malawi
45%
Monaco
45%
Mozambique
45%
Peru
45%
Philippines
45%
Poland
45%
Serbia
45%
Bahrain
44%
Belize
44%
Brunei
44%
Bulgaria
44%
Chile
44%
East Timor
44%
F.S. of Micronesia
44%
Haiti
44%
Ivory Coast
44%
Kazakhstan
44%
Namibia
44%
Nauru
44%
Samoa
44%
Slovakia
44%
Slovenia
44%
South Sudan
44%
Sri Lanka
44%
Zimbabwe
44%
Angola
42%
Argentina
42%
Belarus
42%
Belgium
42%
Botswana
42%
Central African Republic
42%
Costa Rica
42%
Dominica
42%
Eritrea
42%
Ethiopia
42%
Guyana
42%
Hungary
42%
Liberia
42%
Libya
42%
Liechtenstein
42%
Marshall Islands
42%
Mongolia
42%
Qatar
42%
Somalia
42%
Sudan
42%
Taiwan
42%
Thailand
42%
Afghanistan
41%
Andorra
41%
Burundi
41%
Cape Verde
41%
Czech Republic
41%
Grenada
41%
Kyrgyzstan
41%
Laos
41%
Morocco
41%
Portugal
41%
Tajikistan
41%
Togo
41%
Trinidad & Tobago
41%
Uganda
41%
Ecuador
40%
Mauritius
40%
Moldova
40%
Montenegro
40%
Rep. of the Congo
40%
Rwanda
40%
Sao Tome & Principe
40%
St. Kitts & Nevis
40%
St. Lucia
40%
Tanzania
40%
Vanuatu
40%
Equatorial Guinea
38%
Fiji
38%
Lesotho
38%
Nicaragua
38%
Senegal
38%
Tuvalu
38%
Zambia
38%
Bahamas
37%
Benin
37%
Colombia
37%
Djibouti
37%
El Salvador
37%
Guinea-Bissau
37%
Kuwait
37%
Latvia
37%
Paraguay
37%
St. Vincent and the Grenadines
37%
Suriname
37%
Yemen
37%
Germany
36%
Chad
34%
Ghana
34%
Guatemala
34%
Mali
34%
Romania
34%
Solomon Islands
34%
Ukraine
34%
Estonia
33%
Gambia
33%
Guinea
33%
Nigeria
33%
Bolivia
32%
Armenia
29%
Lithuania
26%
Sierra Leone
26%
Gabon
25%
Luxembourg
25%

Score Distribution

Percentile by Number Answered

Percent of People with Each Score

Your Score History

You have not taken this quiz